• 首页
  • 本馆介绍
  • 公告通知
  • 最新文献
  • 馆藏检索
  • 电子资源
  • 读者导购
  • 参考咨询
  • 我的图书馆
  • 登录
  • 详细信息显示
  • 放入我的书架
  • 预约/预借图书
  • 作者相关作品
  • 分类相关作品
  • 丛书相关作品
  • 出版社相关作品

书目信息

  • 表格格式
  • 工作单格式
  • 卡片格式
题名:
商法实务
    
 
作者: 陈湛匀 主编
分册:  
出版信息: 上海   上海人民出版社  1994
页数: 336页
开本: 20cm
丛书名: 企业商务丛书
单 册:
中图分类: D912.290.4
科图分类:
主题词: 商法--基本知识
电子资源:
ISBN: 978-7-208-01716-0
000 00670nam2 2200241 450
001 0100464079
005 20100625123343.0
010    @a978-7-208-01716-0@dCNY9.00
100    @a20021005d1994 em y0chiy0110 ea
101 0  @achi
102    @aCN@b310000
105    @ay z 000yy
106    @ar
200 1  @a商法实务@9Shang Fa Shi Wu @f陈湛匀主编@b专著
210    @a上海@c上海人民出版社@d1994
215    @a336页@d20cm
225 2  @a企业商务丛书
410  0 @12001 @a企业商务丛书
606 0  @a商法@x基本知识
690    @aD912.290.4@v3
701  0 @a陈湛匀@f(1958~)@9chen zhan yun@4主编
801  0 @aCN@bAiZhiMarc@c19940718
905    @aBZT@dD912.29@e190@f4@sD912.29/190
    
    商法实务/陈湛匀主编.-上海:上海人民出版社,1994
    336页;20cm.-(企业商务丛书)
    
    
    ISBN 978-7-208-01716-0:CNY9.00
    
●
相关链接 在五车中查询图书 在当当中查询图书 在豆瓣中查询图书


正题名:商法实务     索取号:D912.29/190         预约/预借

序号 登录号 条形码 馆藏地/架位号 状态 备注
1 2000123738   2000123738   旧书回溯/ [索取号:D912.29/190] 在馆    
2 2000123739   2000123739   旧书回溯/ [索取号:D912.29/190] 在馆    
3 2000123740   2000123740   旧书回溯/ [索取号:D912.29/190] 在馆    
4 2000123802   2000123802   旧书回溯/ [索取号:D912.29/190] 在馆    
山东省滨州职业学院图书馆 欢迎您!
大连网信软件有限公司© 版权所有